000 00398nam a2200145Ia 4500
008 230711s9999||||xx |||||||||||||| ||und||
041 _aENG
082 _a658.15
_bCH-F
100 _aChandra Prasanna
245 0 _aFinancial management theory and practice
250 _a3rd Ed.
260 _c1984
_aNew Delhi
_bTata McGraw Hill Education Limited
650 _aUNIVESITY BUSNIESS SCHOOL
942 _cBK
999 _c2511
_d2511